000 00279nam a22001337a 4500
008 171030b xxu||||| |||| 00| 0 eng d
020 _a9781580082495
041 _aeng
080 _a33
100 _a58
101 _aBUS
245 _aFILTHY RICH
_cSTECKEL,R
942 _2udc
_cBK
999 _c36586
_d36586